[Event "Men-Tehran"]
[Site "?"]
[Date "2015.09.16"]
[Round "5.14"]
[White "Toufighi, Homayoon"]
[Black "Rastbod, Ali"]
[Result "1-0"]
[BlackElo "2190"]
[WhiteElo "2400"]
[LiveChessVersion "1.4.6"]

1. c4 {[%clk 1:26:22]} e6 {[%clk 1:30:28]} 2. Nc3 {[%clk 1:26:39]} d5
{[%clk 1:30:51]} 3. d4 {[%clk 1:25:44]} Be7 {[%clk 1:27:56]} 4. Nf3
{[%clk 1:25:45]} Nf6 {[%clk 1:28:20]} 5. Bg5 {[%clk 1:24:51]} O-O
{[%clk 1:28:35]} 6. e3 {[%clk 1:25:14]} h6 {[%clk 1:24:41]} 7. Bxf6
{[%clk 1:22:25]} Bxf6 {[%clk 1:25:10]} 8. Qb3 {[%clk 1:22:47]} c6
{[%clk 1:24:47]} 9. Be2 {[%clk 1:23:11]} Nd7 {[%clk 1:25:05]} 10. O-O Qe7
{[%clk 1:10:41]} 11. cxd5 {[%clk 1:15:43]} exd5 {[%clk 1:11:05]} 12. Rfe1
{[%clk 1:16:02]} Nb6 {[%clk 1:08:32]} 13. Qc2 {[%clk 1:13:55]} Bg4
{[%clk 1:07:41]} 14. Nd2 {[%clk 1:07:52]} Bxe2 {[%clk 1:07:18]} 15. Nxe2
{[%clk 1:07:54]} Nc8 {[%clk 1:05:29]} 16. Nb3 {[%clk 0:54:50]} Nd6
{[%clk 1:03:49]} 17. Nc3 {[%clk 0:54:50]} g6 {[%clk 0:58:04]} 18. f3
{[%clk 0:51:01]} Bg7 {[%clk 0:57:44]} 19. e4 {[%clk 0:45:39]} dxe4
{[%clk 0:57:25]} 20. fxe4 {[%clk 0:46:05]} Rad8 {[%clk 0:56:47]} 21. Rad1
{[%clk 0:46:19]} Rc8 {[%clk 0:49:27]} 22. Qf2 {[%clk 0:45:34]} h5
{[%clk 0:48:48]} 23. Kh1 {[%clk 0:40:04]} b6 {[%clk 0:45:31]} 24. Nd2
{[%clk 0:35:01]} c5 {[%clk 0:41:49]} 25. e5 {[%clk 0:19:02]} Nf5 {[%clk 0:41:55]}
26. dxc5 {[%clk 0:17:18]} Qxc5 {[%clk 0:30:40]} 27. Qxc5 {[%clk 0:15:40]} Rxc5
{[%clk 0:31:02]} 28. Nf3 {[%clk 0:16:02]} Re8 {[%clk 0:31:12]} 29. Rd7
{[%clk 0:16:10]} a5 {[%clk 0:23:01]} 30. Rb7 {[%clk 0:16:00]} Rc6
{[%clk 0:20:53]} 31. g3 {[%clk 0:14:42]} Rce6 {[%clk 0:16:23]} 32. Nd5
{[%clk 0:11:43]} Bxe5 {[%clk 0:15:13]} 33. Ng5 {[%clk 0:10:48]} Rd6
{[%clk 0:14:54]} 34. Nxb6 {[%clk 0:06:29]} f6 {[%clk 0:14:14]} 35. Nf3
{[%clk 0:05:50]} Rde6 {[%clk 0:10:47]} 36. Nd5 {[%clk 0:03:28]} Kh8
{[%clk 0:07:03]} 37. b3 {[%clk 0:01:30]} Bb2 {[%clk 0:07:23]} 38. Rxe6
{[%clk 0:01:55]} Rxe6 {[%clk 0:07:51]} 39. Nf4 {[%clk 0:02:13]} Re3
{[%clk 0:08:07]} 40. Nxg6+ {[%clk 0:02:40]} Kg8 {[%clk 0:08:35]} 41. Kg2
{[%clk 0:01:42]} Re2+ {[%clk 0:08:49]} 42. Kf1 {[%clk 0:02:03]} Re4
{[%clk 0:07:23]} 43. Nf4 {[%clk 0:01:55]} h4 {[%clk 0:06:26]} 44. Kf2
{[%clk 0:02:09]} hxg3+ {[%clk 0:06:28]} 45. hxg3 {[%clk 0:02:38]} Be5
{[%clk 0:04:32]} 46. Nh5 {[%clk 0:02:20]} Bb2 {[%clk 0:04:10]} 47. Rb5
{[%clk 0:02:18]} Ne3 {[%clk 0:04:19]} 48. Nd2 {[%clk 0:02:25]} Nd1+
{[%clk 0:04:38]} 49. Kf3 {[%clk 0:02:49]} Re3+ {[%clk 0:04:54]} 50. Kg4
{[%clk 0:03:07]} Rd3 {[%clk 0:04:11]} 51. Nc4 {[%clk 0:03:22]} Bc3
{[%clk 0:02:41]} 52. Kf5 {[%clk 0:03:36]} Kf7 {[%clk 0:02:24]} 53. Rb7+
{[%clk 0:03:24]} Ke8 {[%clk 0:02:37]} 54. Ke6 {[%clk 0:03:02]} Kd8
{[%clk 0:03:04]} 55. Nf4 {[%clk 0:03:14]} Rxg3 {[%clk 0:03:06]} 56. Nd5
{[%clk 0:03:32]} 1-0

[Event "Men-Tehran"]
[Site "?"]
[Date "2015.09.16"]
[Round "5.15"]
[White "Omidi, Arya"]
[Black "Alavi, Sayed Javad"]
[Result "1/2-1/2"]
[BlackElo "2435"]
[WhiteElo "2252"]
[LiveChessVersion "1.4.6"]

1. e4 {[%clk 1:30:58]} c6 {[%clk 1:26:54]} 2. d4 {[%clk 1:31:12]} d5
{[%clk 1:27:16]} 3. exd5 {[%clk 1:30:59]} cxd5 {[%clk 1:27:45]} 4. c4
{[%clk 1:31:17]} Nf6 {[%clk 1:24:05]} 5. Nc3 {[%clk 1:31:34]} e6 {[%clk 1:24:11]}
6. Nf3 {[%clk 1:31:35]} Be7 {[%clk 1:24:18]} 7. Be2 {[%clk 1:31:13]} O-O
{[%clk 1:22:27]} 8. O-O {[%clk 1:31:00]} b6 {[%clk 1:22:04]} 9. cxd5
{[%clk 1:28:25]} exd5 {[%clk 1:21:53]} 10. Bg5 {[%clk 1:25:03]} Bb7 11. Ne5
{[%clk 1:14:42]} Nbd7 {[%clk 1:15:34]} 12. Nxd7 {[%clk 1:06:03]} Qxd7
{[%clk 1:15:23]} 13. Bd3 {[%clk 1:05:41]} Rfe8 {[%clk 1:13:09]} 14. Re1
{[%clk 1:03:09]} Ne4 {[%clk 1:09:31]} 15. Bb5 {[%clk 0:47:45]} Bc6
{[%clk 1:08:33]} 16. Bxc6 {[%clk 0:47:38]} Qxc6 {[%clk 1:09:02]} 17. Nxe4
{[%clk 0:48:06]} dxe4 {[%clk 1:09:10]} 18. d5 {[%clk 0:48:30]} Qd6
{[%clk 1:08:40]} 19. Bxe7 {[%clk 0:47:21]} Rxe7 {[%clk 1:09:06]} 20. Rc1
{[%clk 0:39:45]} Re5 {[%clk 1:02:21]} 21. Qa4 {[%clk 0:36:35]} Qxd5
{[%clk 0:53:19]} 22. Qxa7 {[%clk 0:35:22]} h6 {[%clk 0:50:59]} 23. Qxb6
{[%clk 0:35:23]} Rxa2 {[%clk 0:51:01]} 24. Red1 {[%clk 0:30:40]} Qb5
{[%clk 0:47:34]} 25. Rc8+ {[%clk 0:19:33]} Kh7 {[%clk 0:47:52]} 26. Qd8
{[%clk 0:19:25]} Rd5 {[%clk 0:32:23]} 27. Qg8+ {[%clk 0:17:30]} Kg6
{[%clk 0:32:26]} 28. Rdc1 {[%clk 0:15:25]} Rc5 {[%clk 0:26:40]} 29. h4
{[%clk 0:13:40]} Rxc8 {[%clk 0:16:09]} 30. Qxc8 {[%clk 0:13:26]} Qe5
{[%clk 0:15:26]} 31. Qc6+ {[%clk 0:10:04]} Kh7 {[%clk 0:12:58]} 32. Qc3
{[%clk 0:09:02]} Qxc3 {[%clk 0:11:21]} 33. bxc3 {[%clk 0:09:30]} Kg6
{[%clk 0:10:59]} 34. c4 {[%clk 0:08:36]} Ra6 {[%clk 0:11:18]} 35. c5
{[%clk 0:05:48]} Rc6 {[%clk 0:11:32]} 36. Kf1 {[%clk 0:06:10]} Kf5
{[%clk 0:11:10]} 37. Ke2 {[%clk 0:06:32]} Ke5 {[%clk 0:10:48]} 38. h5
{[%clk 0:04:19]} f5 {[%clk 0:06:00]} 39. g3 {[%clk 0:04:13]} Kd4 {[%clk 0:06:17]}
40. Rd1+ {[%clk 0:04:18]} Ke5 {[%clk 0:06:16]} 41. Rc1 {[%clk 0:04:42]} Kd4
{[%clk 0:06:27]} 42. Rd1+ {[%clk 0:05:06]} Ke5 {[%clk 0:06:53]} 43. Rc1
{[%clk 0:04:42]} 1/2-1/2

[Event "Men-Tehran"]
[Site "?"]
[Date "2015.09.16"]
[Round "5.16"]
[White "Darban, Morteza"]
[Black "Khoshkalam, Seyed Mehrab"]
[Result "1/2-1/2"]
[BlackElo "2252"]
[WhiteElo "2327"]
[LiveChessVersion "1.4.6"]

1. Nf3 {[%clk 1:28:23]} d5 {[%clk 1:29:36]} 2. g3 {[%clk 1:28:43]} c5
{[%clk 1:29:22]} 3. Bg2 {[%clk 1:29:08]} Nc6 {[%clk 1:28:59]} 4. d4
{[%clk 1:29:33]} Nf6 {[%clk 1:26:47]} 5. O-O {[%clk 1:29:17]} e6 {[%clk 1:25:22]}
6. b3 {[%clk 1:25:41]} Be7 {[%clk 1:21:29]} 7. Bb2 {[%clk 1:24:50]} O-O
{[%clk 1:20:54]} 8. dxc5 Bxc5 9. c4 dxc4 {[%clk 1:12:57]} 10. Qc2
{[%clk 1:13:31]} Be7 {[%clk 1:01:43]} 11. Qxc4 {[%clk 1:12:00]} Nd5
{[%clk 0:59:59]} 12. Ne5 {[%clk 0:56:32]} Nxe5 {[%clk 0:51:40]} 13. Bxe5
{[%clk 0:56:54]} Bd7 {[%clk 0:48:54]} 14. Bxd5 {[%clk 0:52:46]} exd5
{[%clk 0:48:34]} 15. Qd4 {[%clk 0:49:43]} f6 {[%clk 0:40:45]} 16. Qxd5+
{[%clk 0:41:59]} Kh8 {[%clk 0:40:38]} 17. Bf4 {[%clk 0:42:10]} Qc8
{[%clk 0:40:12]} 18. Nd2 {[%clk 0:32:25]} Bc6 {[%clk 0:40:10]} 19. Qh5
{[%clk 0:32:46]} Qe6 {[%clk 0:40:08]} 20. Be3 {[%clk 0:32:06]} Rad8
{[%clk 0:39:06]} 21. Rac1 {[%clk 0:27:00]} Rd5 {[%clk 0:38:19]} 22. Qh4
{[%clk 0:26:54]} g5 {[%clk 0:31:02]} 23. Qc4 {[%clk 0:17:16]} Qh3
{[%clk 0:28:58]} 24. f3 {[%clk 0:17:44]} f5 {[%clk 0:23:19]} 25. Bd4+
{[%clk 0:15:56]} Rxd4 {[%clk 0:10:31]} 26. Qxd4+ {[%clk 0:16:23]} Bf6
{[%clk 0:10:53]} 27. Qd6 {[%clk 0:08:24]} Kg7 {[%clk 0:10:59]} 28. Rxc6
{[%clk 0:07:09]} bxc6 {[%clk 0:11:15]} 29. f4 {[%clk 0:01:45]} h6
{[%clk 0:07:29]} 30. Nf3 {[%clk 0:01:59]} Re8 {[%clk 0:04:57]} 31. Qd7+
{[%clk 0:00:52]} Re7 {[%clk 0:05:13]} 32. Qd2 {[%clk 0:01:21]} gxf4
{[%clk 0:05:18]} 33. gxf4 {[%clk 0:01:47]} Kh7 {[%clk 0:05:04]} 34. Rf2
{[%clk 0:02:15]} Rg7+ {[%clk 0:05:09]} 35. Kh1 {[%clk 0:02:44]} Bh4
{[%clk 0:02:59]} 36. Nxh4 {[%clk 0:02:46]} Qxh4 {[%clk 0:03:28]} 37. Rf3
{[%clk 0:02:32]} c5 {[%clk 0:02:36]} 38. e3 {[%clk 0:01:17]} Qf6 {[%clk 0:00:41]}
39. Rg3 {[%clk 0:01:45]} Rxg3 {[%clk 0:00:43]} 40. hxg3 {[%clk 0:02:14]} Qc6+
{[%clk 0:00:52]} 41. Qg2 {[%clk 0:01:41]} Qd7 {[%clk 0:01:15]} 42. Qc2
{[%clk 0:02:01]} Qd5+ {[%clk 0:01:36]} 43. Kh2 {[%clk 0:01:31]} Kg7
{[%clk 0:01:55]} 44. Qc3+ {[%clk 0:01:49]} Kg6 {[%clk 0:02:12]} 45. Qe5
{[%clk 0:00:53]} Qxe5 {[%clk 0:00:47]} 46. fxe5 Kf7 47. Kh3 {[%clk 0:01:33]} Ke6
{[%clk 0:01:46]} 48. Kh4 {[%clk 0:01:55]} Kxe5 {[%clk 0:02:08]} 49. Kh5
{[%clk 0:02:18]} Ke4 {[%clk 0:02:32]} 50. Kxh6 {[%clk 0:02:36]} Kxe3
{[%clk 0:02:55]} 51. Kg5 {[%clk 0:02:49]} Ke4 {[%clk 0:03:19]} 52. Kf6
{[%clk 0:01:21]} f4 {[%clk 0:02:50]} 53. gxf4 {[%clk 0:01:36]} Kxf4
{[%clk 0:03:12]} 54. Ke6 {[%clk 0:02:00]} Ke4 {[%clk 0:03:38]} 55. Kd6
{[%clk 0:02:25]} Kd4 {[%clk 0:04:04]} 56. Kc6 {[%clk 0:02:33]} c4
{[%clk 0:04:24]} 57. bxc4 {[%clk 0:02:00]} Kxc4 {[%clk 0:04:52]} 58. Kb7
{[%clk 0:01:55]} a5 {[%clk 0:04:33]} 59. Kb6 {[%clk 0:02:12]} Kb4
{[%clk 0:04:43]} 60. a3+ {[%clk 0:02:40]} Kxa3 {[%clk 0:05:06]} 61. Kxa5
{[%clk 0:03:07]} 1/2-1/2

[Event "Men-Tehran"]
[Site "?"]
[Date "2015.09.16"]
[Round "5.17"]
[White "Ghaem Maghami, Ehsan"]
[Black "Ghane, Shojaat"]
[Result "1-0"]
[BlackElo "2326"]
[WhiteElo "2596"]
[LiveChessVersion "1.4.6"]

1. c4 {[%clk 1:30:50]} c6 {[%clk 1:30:37]} 2. Nf3 {[%clk 1:27:15]} d5
{[%clk 1:30:44]} 3. d4 {[%clk 1:27:34]} Nf6 {[%clk 1:31:04]} 4. e3
{[%clk 1:27:36]} Bg4 {[%clk 1:29:23]} 5. h3 {[%clk 1:26:15]} Bxf3
{[%clk 1:28:11]} 6. Qxf3 {[%clk 1:26:27]} e6 {[%clk 1:28:20]} 7. Nc3
{[%clk 1:26:40]} Bb4 {[%clk 1:28:01]} 8. Bd3 {[%clk 1:26:52]} Nbd7
{[%clk 1:27:49]} 9. O-O {[%clk 1:24:36]} O-O {[%clk 1:27:55]} 10. Rd1
{[%clk 1:24:42]} Qe7 {[%clk 1:26:52]} 11. Qe2 {[%clk 1:24:53]} Rfe8
{[%clk 1:23:27]} 12. a3 {[%clk 1:23:55]} Bxc3 {[%clk 1:21:55]} 13. bxc3
{[%clk 1:24:15]} Ne4 {[%clk 1:22:18]} 14. Qc2 {[%clk 1:24:06]} f5
{[%clk 1:22:06]} 15. f3 Nd6 {[%clk 1:19:30]} 16. c5 {[%clk 1:17:37]} Nf7
{[%clk 1:19:52]} 17. c4 {[%clk 1:13:32]} g6 {[%clk 1:16:45]} 18. Rb1
{[%clk 1:11:38]} Nf6 {[%clk 1:14:49]} 19. Qb3 {[%clk 1:02:36]} Rab8
{[%clk 1:11:15]} 20. Bd2 {[%clk 1:02:52]} Nh5 {[%clk 1:07:51]} 21. Be1
{[%clk 0:51:08]} Qg5 {[%clk 1:06:18]} 22. Bf2 {[%clk 0:49:42]} Re7
{[%clk 1:02:41]} 23. Re1 {[%clk 0:44:37]} Rbe8 {[%clk 1:00:11]} 24. Bf1
{[%clk 0:40:54]} Nf6 {[%clk 0:59:16]} 25. Rb2 {[%clk 0:36:51]} Qh6
{[%clk 0:54:23]} 26. Qc2 {[%clk 0:35:28]} g5 {[%clk 0:53:23]} 27. cxd5
{[%clk 0:31:25]} cxd5 {[%clk 0:53:04]} 28. Reb1 {[%clk 0:30:11]} Nd8
{[%clk 0:51:39]} 29. g4 {[%clk 0:28:39]} fxg4 {[%clk 0:48:26]} 30. hxg4
{[%clk 0:28:59]} Rf8 {[%clk 0:45:40]} 31. Bg3 {[%clk 0:28:45]} Ne8
{[%clk 0:43:32]} 32. Qd1 {[%clk 0:25:56]} Qg6 {[%clk 0:38:25]} 33. Bd3
{[%clk 0:23:30]} Qf7 {[%clk 0:38:23]} 34. Rf2 {[%clk 0:22:44]} Nc6
{[%clk 0:35:02]} 35. Bb5 {[%clk 0:22:14]} h5 {[%clk 0:32:17]} 36. Qc2
{[%clk 0:17:30]} Nf6 {[%clk 0:27:35]} 37. Bd6 {[%clk 0:15:01]} Kg7
{[%clk 0:27:09]} 38. Bxc6 {[%clk 0:13:08]} bxc6 {[%clk 0:27:31]} 39. gxh5
{[%clk 0:13:06]} Nxh5 {[%clk 0:26:58]} 40. Rg2 {[%clk 0:10:21]} Qxf3
{[%clk 0:24:15]} 41. Rxg5+ {[%clk 0:04:45]} Kh8 {[%clk 0:24:26]} 42. Be5+
{[%clk 0:04:17]} Rg7 {[%clk 0:24:30]} 43. Bxg7+ {[%clk 0:04:31]} Nxg7
{[%clk 0:24:34]} 44. Qh2+ {[%clk 0:04:39]} Kg8 {[%clk 0:24:35]} 45. Qg3
{[%clk 0:04:28]} Qf6 {[%clk 0:21:40]} 46. Rg6 {[%clk 0:04:18]} Qf7
{[%clk 0:21:57]} 47. Kh1 {[%clk 0:04:00]} Kh7 {[%clk 0:16:59]} 48. Qh3+
{[%clk 0:04:01]} Kxg6 {[%clk 0:17:16]} 49. Rg1+ {[%clk 0:04:25]} 1-0

[Event "Men-Tehran"]
[Site "?"]
[Date "2015.09.16"]
[Round "5.18"]
[White "Khademi, Mohammad Miran"]
[Black "Golizadeh, Asghar"]
[Result "0-1"]
[BlackElo "2447"]
[WhiteElo "2235"]
[LiveChessVersion "1.4.6"]

1. e4 {[%clk 1:30:47]} c5 {[%clk 1:30:51]} 2. c3 {[%clk 1:31:10]} Nf6
{[%clk 1:31:03]} 3. e5 {[%clk 1:31:27]} Nd5 {[%clk 1:31:28]} 4. d4
{[%clk 1:31:50]} cxd4 {[%clk 1:31:47]} 5. Qxd4 {[%clk 1:32:13]} e6
{[%clk 1:32:10]} 6. Nf3 {[%clk 1:32:38]} Nc6 {[%clk 1:32:35]} 7. Qe4
{[%clk 1:33:03]} f5 {[%clk 1:32:59]} 8. Qe2 {[%clk 1:31:39]} b5 {[%clk 1:25:41]}
9. g3 {[%clk 1:29:12]} a5 {[%clk 1:23:07]} 10. Bg2 Be7 {[%clk 1:05:16]} 11. O-O
{[%clk 1:27:00]} O-O {[%clk 1:05:41]} 12. Rd1 {[%clk 1:22:38]} Ba6
{[%clk 1:05:32]} 13. Ne1 {[%clk 1:22:32]} Qc7 {[%clk 0:58:02]} 14. f4
{[%clk 1:17:30]} b4 {[%clk 0:53:34]} 15. c4 {[%clk 1:14:43]} a4 {[%clk 0:51:06]}
16. Rxd5 {[%clk 1:08:26]} exd5 {[%clk 0:51:15]} 17. Bxd5+ {[%clk 1:08:49]} Kh8
{[%clk 0:51:40]} 18. Be3 {[%clk 1:09:15]} Rac8 {[%clk 0:44:13]} 19. Nd2
{[%clk 1:03:39]} a3 {[%clk 0:44:06]} 20. Rb1 {[%clk 0:46:05]} b3 {[%clk 0:38:40]}
21. Nxb3 {[%clk 0:36:42]} Nb4 {[%clk 0:38:23]} 22. Qd2 {[%clk 0:29:39]} Bxc4
{[%clk 0:32:16]} 23. Bxc4 {[%clk 0:28:44]} Qxc4 {[%clk 0:32:40]} 24. bxa3
{[%clk 0:28:24]} Nd5 {[%clk 0:32:11]} 25. Rc1 {[%clk 0:25:47]} Nc3
{[%clk 0:30:45]} 26. Rc2 {[%clk 0:22:14]} Bxa3 {[%clk 0:30:29]} 27. Bd4
{[%clk 0:22:22]} Bb4 {[%clk 0:26:31]} 28. Qe3 {[%clk 0:22:12]} Rc6
{[%clk 0:23:04]} 29. a3 {[%clk 0:18:47]} Qxb3 {[%clk 0:06:17]} 30. axb4
{[%clk 0:19:11]} Qxb4 {[%clk 0:06:34]} 31. Rxc3 {[%clk 0:19:11]} Rfc8
{[%clk 0:06:51]} 32. e6 {[%clk 0:03:35]} dxe6 {[%clk 0:06:51]} 33. Qe5
{[%clk 0:03:44]} Qb7 {[%clk 0:05:55]} 34. Rb3 {[%clk 0:02:33]} Qd7
{[%clk 0:05:57]} 35. Re3 {[%clk 0:02:29]} Rd6 {[%clk 0:04:38]} 36. Nf3
{[%clk 0:01:06]} h6 {[%clk 0:05:02]} 37. Re2 {[%clk 0:01:02]} Rc1+
{[%clk 0:02:07]} 38. Kf2 {[%clk 0:01:25]} Rd1 {[%clk 0:01:32]} 39. Bb2
{[%clk 0:01:50]} R1d5 {[%clk 0:01:53]} 40. Qc3 {[%clk 0:01:55]} Rd3
{[%clk 0:02:04]} 41. Qa5 {[%clk 0:02:02]} Qb7 {[%clk 0:01:53]} 42. Ne5
{[%clk 0:02:14]} Rd1 {[%clk 0:01:58]} 43. Qc3 {[%clk 0:01:15]} Kh7
{[%clk 0:02:09]} 44. Ba3 {[%clk 0:00:49]} Qh1 {[%clk 0:02:21]} 45. Nf3
{[%clk 0:00:32]} Rf1+ {[%clk 0:02:37]} 0-1

[Event "Men-Tehran"]
[Site "?"]
[Date "2015.09.16"]
[Round "5.19"]
[White "Mirzoev, Azer"]
[Black "Noroozi, Omid"]
[Result "0-1"]
[BlackElo "2375"]
[WhiteElo "2558"]
[LiveChessVersion "1.4.6"]

1. d4 {[%clk 1:30:40]} d5 {[%clk 1:30:54]} 2. c4 {[%clk 1:31:06]} c6
{[%clk 1:31:20]} 3. Nf3 {[%clk 1:31:31]} Nf6 {[%clk 1:31:46]} 4. e3
{[%clk 1:31:55]} e6 {[%clk 1:32:03]} 5. Bd3 {[%clk 1:32:18]} Nbd7
{[%clk 1:32:20]} 6. O-O {[%clk 1:32:26]} Bd6 {[%clk 1:32:01]} 7. Nbd2
{[%clk 1:31:44]} O-O {[%clk 1:32:18]} 8. e4 {[%clk 1:30:12]} e5 {[%clk 1:31:49]}
9. cxd5 {[%clk 1:30:33]} cxd5 {[%clk 1:32:12]} 10. Re1 {[%clk 1:30:19]} h6
{[%clk 1:29:39]} 11. h3 {[%clk 1:29:46]} dxe4 {[%clk 1:07:30]} 12. Nxe4
{[%clk 1:29:53]} Nxe4 {[%clk 1:07:34]} 13. Bxe4 {[%clk 1:30:16]} Re8
{[%clk 0:58:19]} 14. Bc2 {[%clk 1:23:59]} exd4 {[%clk 0:58:07]} 15. Rxe8+
{[%clk 1:21:26]} Qxe8 {[%clk 0:58:30]} 16. Qxd4 {[%clk 1:19:30]} Bc5
{[%clk 0:54:45]} 17. Qc4 {[%clk 1:13:50]} Bb6 {[%clk 0:48:18]} 18. Bd2
{[%clk 1:04:59]} Nf8 {[%clk 0:39:36]} 19. Bc3 {[%clk 1:01:20]} Be6
{[%clk 0:36:45]} 20. Qe4 {[%clk 0:56:46]} Qc6 {[%clk 0:35:52]} 21. Qxc6
{[%clk 0:55:37]} bxc6 {[%clk 0:36:20]} 22. Nd4 {[%clk 0:55:45]} Bd5
{[%clk 0:29:07]} 23. Nf5 {[%clk 0:50:28]} Re8 {[%clk 0:28:20]} 24. Bd3
{[%clk 0:45:24]} Ne6 {[%clk 0:20:08]} 25. Bf1 {[%clk 0:45:26]} Bc5
{[%clk 0:18:34]} 26. a3 {[%clk 0:45:25]} Be4 {[%clk 0:17:44]} 27. Ng3
{[%clk 0:45:38]} Bd5 {[%clk 0:17:23]} 28. Re1 {[%clk 0:45:25]} Nc7
{[%clk 0:16:28]} 29. Rc1 {[%clk 0:45:37]} g6 {[%clk 0:15:07]} 30. Bf6
{[%clk 0:42:44]} Bb6 {[%clk 0:14:20]} 31. Ne2 {[%clk 0:41:06]} Ne6
{[%clk 0:12:02]} 32. Nc3 {[%clk 0:40:40]} Bb3 {[%clk 0:07:20]} 33. Re1
{[%clk 0:19:35]} Nc7 {[%clk 0:07:40]} 34. Rxe8+ {[%clk 0:19:35]} Nxe8
{[%clk 0:08:09]} 35. Be5 {[%clk 0:19:56]} f6 {[%clk 0:07:47]} 36. Bf4
{[%clk 0:20:09]} g5 {[%clk 0:08:02]} 37. Bc1 {[%clk 0:20:05]} Nd6
{[%clk 0:08:18]} 38. Be2 {[%clk 0:19:10]} Nf5 {[%clk 0:04:56]} 39. Bd3
{[%clk 0:18:34]} Nd6 {[%clk 0:05:09]} 40. g4 {[%clk 0:13:02]} Kf7
{[%clk 0:05:30]} 41. Kg2 {[%clk 0:13:25]} Ke6 {[%clk 0:05:34]} 42. f4
{[%clk 0:13:30]} Bd4 {[%clk 0:03:03]} 43. Ne2 {[%clk 0:12:38]} Bb6
{[%clk 0:02:56]} 44. h4 {[%clk 0:10:20]} Bd5+ {[%clk 0:00:41]} 45. Kh3
{[%clk 0:10:06]} gxh4 {[%clk 0:00:36]} 46. Kxh4 {[%clk 0:08:45]} f5
{[%clk 0:00:38]} 47. g5 {[%clk 0:08:55]} Bf2+ {[%clk 0:00:34]} 48. Kh5
{[%clk 0:08:07]} hxg5 {[%clk 0:00:41]} 49. fxg5 {[%clk 0:08:20]} Bf3+
{[%clk 0:00:32]} 50. Kg6 {[%clk 0:07:45]} Be4 {[%clk 0:00:50]} 51. Nf4+
{[%clk 0:06:21]} Ke5 {[%clk 0:01:08]} 52. Bxe4 {[%clk 0:03:48]} fxe4
{[%clk 0:01:36]} 53. Ng2 {[%clk 0:03:55]} Nf5 {[%clk 0:01:32]} 54. Kf7
{[%clk 0:03:24]} e3 {[%clk 0:01:44]} 55. g6 {[%clk 0:03:41]} Ke4 {[%clk 0:00:48]}
56. Kf6 {[%clk 0:03:42]} e2 {[%clk 0:01:04]} 57. Bd2 {[%clk 0:03:51]} Bd4+
{[%clk 0:01:33]} 58. Ke6 {[%clk 0:03:40]} Bxb2 {[%clk 0:01:54]} 59. a4
{[%clk 0:04:06]} Nd4+ {[%clk 0:01:00]} 60. Kd6 {[%clk 0:03:47]} c5
{[%clk 0:01:01]} 61. Be1 {[%clk 0:02:08]} c4 {[%clk 0:00:59]} 62. Kc5
{[%clk 0:01:23]} c3 {[%clk 0:01:27]} 63. Kc4 {[%clk 0:00:33]} c2 {[%clk 0:01:51]}
64. Bd2 {[%clk 0:01:01]} Nf5 {[%clk 0:01:27]} 65. Kb3 {[%clk 0:00:38]} c1=Q
{[%clk 0:01:50]} 66. Bxc1 {[%clk 0:01:03]} Bxc1 {[%clk 0:02:17]} 0-1

[Event "Men-Tehran"]
[Site "?"]
[Date "2015.09.16"]
[Round "5.20"]
[White "Firouzja, Alireza"]
[Black "Asgari, Morteza"]
[Result "1/2-1/2"]
[BlackElo "2256"]
[WhiteElo "2323"]
[LiveChessVersion "1.4.6"]

1. e4 {[%clk 1:29:53]} c5 {[%clk 1:30:26]} 2. Nf3 {[%clk 1:30:13]} d6
{[%clk 1:30:39]} 3. d4 {[%clk 1:30:35]} cxd4 {[%clk 1:31:04]} 4. Nxd4
{[%clk 1:30:57]} Nf6 {[%clk 1:31:28]} 5. Nc3 {[%clk 1:31:18]} a6 {[%clk 1:31:52]}
6. Qf3 {[%clk 1:29:06]} Bg4 {[%clk 1:30:02]} 7. Qg3 {[%clk 1:28:08]} e5
{[%clk 1:30:29]} 8. Nb3 {[%clk 1:27:01]} Be6 {[%clk 1:26:23]} 9. Be2
{[%clk 1:18:51]} Nbd7 {[%clk 1:24:46]} 10. f4 {[%clk 1:13:49]} Rc8
{[%clk 1:19:39]} 11. O-O {[%clk 1:10:00]} h5 {[%clk 1:08:43]} 12. f5
{[%clk 1:00:53]} Bc4 {[%clk 1:04:50]} 13. Bxc4 {[%clk 0:55:48]} Rxc4
{[%clk 1:05:08]} 14. Qd3 {[%clk 0:52:33]} Rc8 {[%clk 0:50:26]} 15. a4
{[%clk 0:51:59]} Qc7 {[%clk 0:46:12]} 16. a5 {[%clk 0:51:07]} Qc4
{[%clk 0:35:03]} 17. Be3 {[%clk 0:40:49]} d5 {[%clk 0:31:06]} 18. exd5
{[%clk 0:38:35]} Qxd3 {[%clk 0:31:26]} 19. cxd3 {[%clk 0:38:56]} Bb4
{[%clk 0:31:40]} 20. Ne4 {[%clk 0:25:59]} Nxd5 {[%clk 0:31:17]} 21. Bd2
{[%clk 0:26:22]} Ke7 {[%clk 0:27:49]} 22. Ra4 {[%clk 0:16:45]} Bxd2
{[%clk 0:27:44]} 23. Nbxd2 {[%clk 0:16:44]} Rc2 {[%clk 0:21:12]} 24. b3
{[%clk 0:12:54]} Rhc8 {[%clk 0:19:15]} 25. g3 {[%clk 0:07:07]} h4
{[%clk 0:16:24]} 26. Nc4 {[%clk 0:05:59]} hxg3 {[%clk 0:15:54]} 27. hxg3
{[%clk 0:06:25]} Nc5 {[%clk 0:13:58]} 28. Nxc5 {[%clk 0:06:30]} Rxc5
{[%clk 0:14:26]} 29. Re1 {[%clk 0:06:02]} Nc3 {[%clk 0:09:08]} 30. Rb4
{[%clk 0:06:28]} Ne2+ {[%clk 0:09:02]} 31. Kf2 {[%clk 0:06:13]} Nd4+
{[%clk 0:08:31]} 32. Kf1 {[%clk 0:06:09]} Nxf5 {[%clk 0:08:09]} 33. Rxb7+
{[%clk 0:06:05]} Kf6 {[%clk 0:07:58]} 34. g4 {[%clk 0:05:11]} Ng3+
{[%clk 0:05:12]} 35. Kg1 {[%clk 0:05:40]} e4 {[%clk 0:02:21]} 36. Re3
{[%clk 0:05:04]} exd3 {[%clk 0:01:55]} 37. Rxd3 {[%clk 0:03:54]} Ne4
{[%clk 0:00:59]} 38. Rf3+ {[%clk 0:03:47]} Kg5 {[%clk 0:01:10]} 39. Rfxf7
{[%clk 0:02:42]} g6 {[%clk 0:01:21]} 40. Rbe7 {[%clk 0:02:33]} Nd2
{[%clk 0:01:03]} 41. Re5+ {[%clk 0:00:51]} Rxe5 {[%clk 0:01:31]} 42. Nxe5
{[%clk 0:01:15]} Nxb3 {[%clk 0:00:43]} 43. Nf3+ {[%clk 0:00:49]} Kxg4
{[%clk 0:00:58]} 44. Ne5+ {[%clk 0:01:13]} Kh5 {[%clk 0:00:54]} 45. Rg7
{[%clk 0:00:49]} Rc5 {[%clk 0:00:47]} 46. Rxg6 {[%clk 0:00:54]} Nxa5
{[%clk 0:00:34]} 47. Rxa6 {[%clk 0:00:51]} Rxe5 {[%clk 0:01:02]} 48. Kf2
{[%clk 0:01:12]} Kg4 {[%clk 0:01:11]} 49. Rg6+ {[%clk 0:01:29]} Kf5
{[%clk 0:01:38]} 50. Rg8 {[%clk 0:01:47]} Nc4 {[%clk 0:02:06]} 51. Rc8
{[%clk 0:01:54]} Nd6 {[%clk 0:02:33]} 52. Rf8+ {[%clk 0:02:14]} Kg4
{[%clk 0:02:57]} 53. Rg8+ {[%clk 0:02:24]} Kf4 {[%clk 0:03:25]} 54. Rf8+
{[%clk 0:02:43]} Nf5 {[%clk 0:03:52]} 55. Rb8 {[%clk 0:02:50]} Ke4
{[%clk 0:04:18]} 56. Rh8 {[%clk 0:02:39]} Nd4 {[%clk 0:04:21]} 57. Rh4+
{[%clk 0:02:57]} Kd3 {[%clk 0:04:49]} 58. Rh3+ {[%clk 0:03:17]} Kd2
{[%clk 0:05:16]} 59. Ra3 {[%clk 0:03:26]} Re4 {[%clk 0:03:31]} 60. Ra2+
{[%clk 0:03:44]} Kd3 {[%clk 0:03:54]} 61. Ra3+ {[%clk 0:04:07]} Kc4
{[%clk 0:03:53]} 62. Ra4+ {[%clk 0:04:23]} Kd5 {[%clk 0:04:08]} 63. Ra5+
{[%clk 0:04:43]} Ke6 {[%clk 0:04:34]} 64. Kg3 {[%clk 0:04:41]} Kf6
{[%clk 0:04:57]} 65. Ra8 {[%clk 0:04:40]} Ne6 {[%clk 0:04:47]} 66. Kf3
{[%clk 0:04:51]} Rc4 {[%clk 0:04:59]} 67. Rh8 {[%clk 0:05:00]} Kf5
{[%clk 0:05:25]} 68. Rh5+ {[%clk 0:05:06]} Ng5+ {[%clk 0:05:52]} 69. Ke3
{[%clk 0:05:27]} Rg4 {[%clk 0:06:13]} 70. Kd3 {[%clk 0:05:39]} Ke5
{[%clk 0:06:41]} 71. Rh8 {[%clk 0:05:52]} 1/2-1/2